Подробности
| 000 -МАРКЕР |
| контрольное поле |
01798nam0a2200325 4500 |
| 001 - ИДЕНТИФИКАТОР ЗАПИСИ |
| контрольное поле |
RU\NLR\bibl\546750 |
| 005 - ИДЕНТИФИКАТОР ВЕРСИИ |
| контрольное поле |
20260406053806.0 |
| 010 ## - МЕЖДУНАРОДНЫЙ СТАНДАРТНЫЙ НОМЕР КНИГИ (ISBN) |
| Номер (ISBN) |
5-85907-276-7(6) |
| Тираж |
15000 |
| 021 ## - НОМЕР ГОСУДАРСТВЕННОЙ РЕГИСТРАЦИИ |
| Код страны |
Российская Федерация |
| Номер |
2004-39819 |
| Номер Листа государственной регистраци |
1981 |
| 035 ## - ДРУГИЕ СИСТЕМНЫЕ НОМЕРА |
| Идентификатор записи |
(NLR Aleph) 000538951 |
| 100 ## - ДАННЫЕ ОБЩЕЙ ОБРАБОТКИ |
| Данные общей обработки |
20040824d2004 |||y0rusy50 ca |
| 101 0# - ЯЗЫК РЕСУРСА |
| Язык текста, звукозаписи и т.д. |
русский |
| 102 ## - СТРАНА ПУБЛИКАЦИИ ИЛИ ПРОИЗВОДСТВА |
| Страна публикации |
Российская Федерация |
| 105 ## - ПОЛЕ КОДИРОВАННЫХ ДАННЫХ: ТЕКСТОВЫЕ МАТЕРИАЛЫ, МОНОГРАФИЧЕСКИЕ |
| Кодированные данные о монографическом текстовом документе |
a ||||||||| |
| 200 1# - ЗАГЛАВИЕ И СВЕДЕНИЯ ОБ ОТВЕТСТВЕННОСТИ |
| Основное заглавие |
Автомобили семейства ВАЗ-2107 |
| Сведения, относящиеся к заглавию |
Рук. по техн. обслуживанию и ремонту |
| -- |
Модели ВАЗ-2107, -21072, -21073-40, -21074 |
| -- |
С рекомендациями журн. "За рулем" |
| Первые сведения об ответственности |
[К.Б. Пятков и др.] |
| 205 ## - СВЕДЕНИЯ ОБ ИЗДАНИИ |
| Сведения об издании |
2-е изд., испр. и доп. |
| 210 ## - ПУБЛИКАЦИЯ, РАСПРОСТРАНЕНИЕ И ДР. |
| Место издания, распространения и т.д. |
М. |
| Имя издателя, распространителя и т. д. |
За рулем |
| Дата издания, распространения и т.д. |
2004 |
| 215 ## - ФИЗИЧЕСКАЯ ХАРАКТЕРИСТИКА |
| Специфическое обозначение материала и объем |
256 с. |
| Другие сведения о физической характеристике |
ил., цв. ил. |
| Размеры |
29 |
| 606 0# - НАИМЕНОВАНИЕ ТЕМЫ КАК ПРЕДМЕТ |
| Наименование темы |
Автомобили ВАЗ "Жигули" |
| Формальный подзаголовок |
Руководства, пособия и т.п. |
| Тематический подзаголовок |
Ремонт |
| Системный номер авторитетной/нормативной записи |
1047842 |
| Идентификатор авторитетной/нормативной записи |
RU\NLR\auth\6686503 |
| 606 0# - НАИМЕНОВАНИЕ ТЕМЫ КАК ПРЕДМЕТ |
| Наименование темы |
"Жигули", легковые автомобили |
| Формальный подзаголовок |
Руководства, пособия и т.п. |
| Тематический подзаголовок |
Ремонт |
| Системный номер авторитетной/нормативной записи |
2083200 |
| Идентификатор авторитетной/нормативной записи |
RU\NLR\auth\661259250 |
| 606 0# - НАИМЕНОВАНИЕ ТЕМЫ КАК ПРЕДМЕТ |
| Наименование темы |
Автомобили ВАЗ "Жигули" |
| Формальный подзаголовок |
Руководства, пособия и т.п. |
| Тематический подзаголовок |
Техническое обслуживание |
| Системный номер авторитетной/нормативной записи |
2065767 |
| Идентификатор авторитетной/нормативной записи |
RU\NLR\auth\661240303 |
| 606 0# - НАИМЕНОВАНИЕ ТЕМЫ КАК ПРЕДМЕТ |
| Наименование темы |
"Жигули", легковые автомобили |
| Формальный подзаголовок |
Руководства, пособия и т.п. |
| Тематический подзаголовок |
Техническое обслуживание |
| Системный номер авторитетной/нормативной записи |
2121661 |
| Идентификатор авторитетной/нормативной записи |
RU\NLR\auth\661281086 |
| 686 ## - ИНДЕКСЫ ДРУГИХ КЛАССИФИКАЦИЙ |
| Индекс |
О335.52-08я7"Жигули" |
| 702 #1 - ИМЯ ЛИЦА - ВТОРИЧНАЯ ОТВЕТСТВЕННОСТЬ |
| Код отношения |
Составитель |
| Материалы, к которым относится поле |
rus |
| Графика поля |
Кириллица |
| Начальный элемент ввода |
Пятков |
| Часть имени, кроме начального элемента ввода |
К. Б. |
| Расширение инициалов личного имени |
Константин Борисович |
| Идентификатор авторитетной/нормативной записи |
RU\NLR\auth\778471 |
| Системный номер авторитетной/нормативной записи |
118376 |
| 801 #0 - ИСТОЧНИК ЗАПИСИ |
| Страна |
Российская Федерация |
| Организация |
NLR |
| Дата составления |
20040824 |
| Правила каталогизации |
PSBO |
| 801 #1 - ИСТОЧНИК ЗАПИСИ |
| Страна |
Российская Федерация |
| Организация |
NLR |
| Дата составления |
20040824 |
| 942 ## - ДОПОЛНИТЕЛЬНЫЕ ЭЛЕМЕНТЫ ЗАПИСИ (АБИС) |
| Тип экземпляра АБИС |
Книга |
| 980 ## - КОЛЛЕКЦИЯ |
| Название коллекции |
Национальная библиография |